Ballon d'Or - classement 2024 - Statistiques

Statistiques générales
  • Ce quiz a été pris 55 fois
  • Le résultat moyen est 26 sur 30
Statistiques - réponses
Poste Club Nationalité Rang Réponse % Correct
Milieu Manchester City Espagne 1 Rodri
100%
Attaquant Manchester City Norvège 5 Erling Haaland
98%
Attaquant Bayern Munich Angleterre 10 Harry Kane
98%
Milieu Real Madrid Angleterre 3 Jude Bellingham
98%
Attaquant Real Madrid France 6 Kylian Mbappé
98%
Attaquant Real Madrid Brésil 2 Vinicius Jr
98%
Gardien Aston Villa Argentine 18 Emiliano Martínez
96%
Attaquant Inter Milan Argentine 7 Lautaro Martínez
96%
Milieu Real Madrid Allemagne 9 Toni Kroos
96%
Attaquant FC Barcelone Espagne 8 Lamine Yamal
94%
Défenseur Real Madrid Allemagne 22 Antonio Rüdiger
90%
Défenseur Real Madrid Espagne 4 Dani Carvajal
90%
Attaquant Arsenal Angleterre 21 Bukayo Saka
88%
Milieu Real Madrid Uruguay 17 Federico Valverde
88%
Milieu Bayer Leverkusen Allemagne 12 Florian Wirtz
88%
Milieu Arsenal Norvège 19 Martin Ødegaard
88%
Attaquant Athletic Bilbao Espagne 15 Nico Williams
88%
Défenseur Manchester City Portugal 23 Rúben Dias
88%
Milieu Paris Saint-Germain Portugal 27 Vitinha
88%
Défenseur Arsenal France 24 William Saliba
88%
Attaquant Atalanta Bergame Nigeria 14 Ademola Lookman
82%
Milieu Bayer Leverkusen Suisse 16 Granit Xhaka
82%
Milieu Manchester City Angleterre 11 Phil Foden
82%
Milieu Chelsea Angleterre 25 Cole Palmer
80%
Milieu Arsenal Angleterre 26 Declan Rice
76%
Défenseur Bayer Leverkusen Espagne 28 Álex Grimaldo
71%
Milieu Inter Milan Turquie 20 Hakan Çalhanoğlu
69%
Défenseur Borussia Dortmund Allemagne 29 Mats Hummels
59%
Attaquant Gérone FC Ukraine 30 Artem Dovbyk
55%
Milieu FC Barcelone Espagne 13 Dani Olmo
55%
Aucun quiz correspondant
Distribution des résultats
% des personnes avec chaque résultat
Percentile par nombre de réponses
Votre historique - résultats
Vous n’avez pas pris ce quiz